Paulo Dybala quiz - Statistics

General Stats
  • This quiz has been taken 35 times
  • The average score is 9 of 20
Answer Stats
Hint Answer % Correct
In which year was Dybala born 1993
100%
From which club did Juventus sign Paulo Dybala Palermo
91%
How many World Cups has Dybala participated in 2
86%
Which coach gave Dybala his Juventus debut Massimiliano Allegri
73%
How many goals did Dybala score in his first Serie A season with Roma 12
68%
Which famous Argentine club did Dybala support as a child Boca Juniors
64%
What number does Dybala wear at AS Roma 21
59%
How many assists did Dybala register in his final season with Juventus 6
59%
What was his highest goal tally in a single season at Juventus 26
55%
How many total goals did Dybala score for Juventus in official matches 115
45%
What boot brand does Paulo Dybala endorse Adidas
45%
What was Dybala’s first professional club Instituto
41%
Which coach moved Dybala deeper into a playmaker role at Juventus Maurizio Sarri
32%
Who did Dybala assist in Roma’s 2022–23 UEFA Europa League semifinal Lorenzo Pellegrini
23%
Who did Dybala score a last-minute winner against in 2017–18 UCL group stage Tottenham Hotspur
23%
Which former Juventus teammate often rotated with Dybala due to injury spells Federico Bernardeschi
18%
Which team did Dybala face in his AS Roma debut Salernitana
18%
Dybala is a fan of which NBA team Golden State Warriors
9%
What’s the name of Dybala’s pet dog Kaia
9%
Which luxury watch brand has Dybala promoted Hublot
5%
No matching quizzes found
Score Distribution
Percent of People with Each Score
Percentile by Number Answered
Your Score History
You have not taken this quiz